<?xml version="1.0" encoding="UTF-8"?><?xml-stylesheet type="text/xsl" href="static/style.xsl"?><OAI-PMH xmlns="http://www.openarchives.org/OAI/2.0/" xmlns:xsi="http://www.w3.org/2001/XMLSchema-instance" xsi:schemaLocation="http://www.openarchives.org/OAI/2.0/ http://www.openarchives.org/OAI/2.0/OAI-PMH.xsd"><responseDate>2026-04-17T06:28:25Z</responseDate><request verb="GetRecord" identifier="oai:www.recercat.cat:2072/488966" metadataPrefix="marc">https://recercat.cat/oai/request</request><GetRecord><record><header><identifier>oai:recercat.cat:2072/488966</identifier><datestamp>2026-03-05T19:48:45Z</datestamp><setSpec>com_2072_98</setSpec><setSpec>col_2072_378193</setSpec></header><metadata><record xmlns="http://www.loc.gov/MARC21/slim" xmlns:dcterms="http://purl.org/dc/terms/" xmlns:xsi="http://www.w3.org/2001/XMLSchema-instance" xmlns:doc="http://www.lyncode.com/xoai" xsi:schemaLocation="http://www.loc.gov/MARC21/slim http://www.loc.gov/standards/marcxml/schema/MARC21slim.xsd">
   <leader>00925njm 22002777a 4500</leader>
   <datafield ind2=" " ind1=" " tag="042">
      <subfield code="a">dc</subfield>
   </datafield>
   <datafield ind2=" " ind1=" " tag="720">
      <subfield code="a">Navarro Milián, Iván</subfield>
      <subfield code="e">author</subfield>
   </datafield>
   <datafield ind2=" " ind1=" " tag="720">
      <subfield code="a">Royo Aspa, Josep Maria</subfield>
      <subfield code="e">author</subfield>
   </datafield>
   <datafield ind2=" " ind1=" " tag="720">
      <subfield code="a">Universitat Autònoma de Barcelona. Escola de Cultura de Pau</subfield>
      <subfield code="e">author</subfield>
   </datafield>
   <datafield ind2=" " ind1=" " tag="260">
      <subfield code="c">2025</subfield>
   </datafield>
   <datafield ind2=" " ind1=" " tag="520">
      <subfield code="a">Moçambic celebra el seu 50 aniversari d'independència de Portugal en un moment crucial, amb decisions claus i imminents entorn el seu futur econòmic i un procés nacional de reformes en marxa. El país està sortint de la incertesa política després de les eleccions d'octubre de 2024, mentre que la persistent inseguretat en relació al conflicte armat de Cabo Delgado i les seves conseqüències humanitàries, la fragilitat econòmica i les recurrents crisis climàtiques continuen posant a prova la resiliència nacional. No obstant això, segueixen oberts molts reptes i desafiaments pendents relatius al procés de diàleg nacional acordat a l'abril referent al conflicte armat de Cabo Delgado, el qual s'ha intensificat en els últims mesos, i al procés d'implementació de l'acord de pau entre el Govern i RENAMO, que ha culminat al juny, entre llums i ombres.</subfield>
   </datafield>
   <datafield ind2=" " ind1=" " tag="520">
      <subfield code="a">Mozambique celebra su 50 aniversario de independencia de Portugal en un momento crucial, con decisiones claves e inminentes en torno a su futuro económico y un proceso nacional de reformas en marcha. El país está saliendo de la incertidumbre política tras las elecciones de octubre de 2024, mientras que la persistente inseguridad en relación al conflicto armado en Cabo Delgado y sus consecuencias humanitarias, la fragilidad económica y las recurrentes crisis climáticas siguen poniendo a prueba la resiliencia nacional. No obstante, siguen abiertos muchos retos y desafíos pendientes relativos al proceso de diálogo nacional acordado en abril, al conflicto armado en Cabo Delgado, que se ha intensificado en los últimos meses, y al proceso de implementación del acuerdo de paz entre el Gobierno y RENAMO, que ha culminado en junio, entre luces y sombras.</subfield>
   </datafield>
   <datafield tag="653" ind2=" " ind1=" ">
      <subfield code="a">Riscos</subfield>
   </datafield>
   <datafield tag="653" ind2=" " ind1=" ">
      <subfield code="a">Reptes</subfield>
   </datafield>
   <datafield tag="653" ind2=" " ind1=" ">
      <subfield code="a">Pau</subfield>
   </datafield>
   <datafield tag="653" ind2=" " ind1=" ">
      <subfield code="a">Moçambic</subfield>
   </datafield>
   <datafield tag="653" ind2=" " ind1=" ">
      <subfield code="a">Oportunitats</subfield>
   </datafield>
   <datafield tag="653" ind2=" " ind1=" ">
      <subfield code="a">Riesgos</subfield>
   </datafield>
   <datafield tag="653" ind2=" " ind1=" ">
      <subfield code="a">Retos</subfield>
   </datafield>
   <datafield tag="653" ind2=" " ind1=" ">
      <subfield code="a">Paz</subfield>
   </datafield>
   <datafield tag="653" ind2=" " ind1=" ">
      <subfield code="a">Mozambique</subfield>
   </datafield>
   <datafield tag="653" ind2=" " ind1=" ">
      <subfield code="a">Oportunidades</subfield>
   </datafield>
   <datafield ind2="0" ind1="0" tag="245">
      <subfield code="a">Riscos, reptes i oportunitats per a la contribució a la construcció de la pau a Moçambic.</subfield>
   </datafield>
</record></metadata></record></GetRecord></OAI-PMH>